Jazykovedné, literárnovedné a didaktické kolokvium XLVI. zborník vedeckých prác a vedeckých štúdií

Saved in:
Bibliographic Details
Other Authors: Lančarič, Daniel, Repka, Richard, Šipošová, Martina, Lagerová, Viera
Format: Book
Language:Slovak
English
German
Russian
Published: Bratislava Z-F LINGUA 2018
Subjects:
Tags: Add Tag
No Tags, Be the first to tag this record!

MARC

LEADER 00000nlm$a2200000$$$4500
001 0241332
005 20240104132139.8
020 |a 978-80-8177-044-9 
041 0 |a slo 
041 0 |a eng 
041 0 |a ger 
041 0 |a rus 
044 |a SK 
245 1 0 |a Jazykovedné, literárnovedné a didaktické kolokvium XLVI.  |b zborník vedeckých prác a vedeckých štúdií  |c zostavil/editor: Daniel Lančarič ; recenzenti/reviewers: Richard Repka, Martina Šipošová, Viera Lagerová 
264 1 |a Bratislava  |b Z-F LINGUA  |c 2018 
300 |a online [115 s.] 
610 2 0 |a jazykoveda 
610 2 0 |a didaktika 
610 2 0 |a literatúra 
610 2 0 |a učitelia 
610 2 0 |a jazyky cudzie 
610 2 0 |a pedagogika 
610 2 0 |a vyučovanie 
610 2 0 |a vzdelávanie 
610 2 0 |a školstvo 
610 2 0 |a komunikácia masmediálna 
700 1 |a Lančarič, Daniel 
700 1 |a Repka, Richard 
700 1 |a Šipošová, Martina 
700 1 |a Lagerová, Viera